लहू पुकारे आदमी / (Record no. 50940)

MARC details
000 -LEADER
fixed length control field 03990nam a22004577a 4500
005 - DATE AND TIME OF LATEST TRANSACTION
control field 2010091802302.0
008 - FIXED-LENGTH DATA ELEMENTS--GENERAL INFORMATION
fixed length control field 100915t xxu||||| |||| 00| 0 hin d
010 ## - LCCN (DPL NO)
LC control number HIN-91985 B-451862-872
020 ## - INTERNATIONAL STANDARD BOOK NUMBER
Terms of availability 125.00
International Standard Book Number 8186100431
035 ## - SYSTEM CONTROL NUMBER
System control number HN-64331 B-451862-872
037 ## - SOURCE OF ACQUISITION
Source of stock number/acquisition DBAD / PUB
Stock number के.के.पब्लिकेशंस
040 ## - CATALOGING SOURCE
Original cataloging agency DPL
Language of cataloging HN
082 ## - DEWEY DECIMAL CLASSIFICATION NUMBER
Classification number
100 ## - MAIN ENTRY--PERSONAL NAME
9 (RLIN) 20178
Personal name मधुकर सिंह
110 ## - MAIN ENTRY--CORPORATE NAME
9 (RLIN) 26418
245 ## - TITLE STATEMENT
Title लहू पुकारे आदमी /
Statement of responsibility, etc मधुकर सिंह
246 ## - VARYING FORM OF TITLE
Title proper/short title Lahoo pukare aadami
Remainder of title by madhukar singh
260 ## - PUBLICATION, DISTRIBUTION, ETC. (IMPRINT)
Place of publication, distribution, etc इलाहाबाद
Name of publisher, distributor, etc आचार्य.प्रकाशन
Date of publication, distribution, etc 2010
270 ## - ADDRESS
Address 190 बी/10, राजरूपपुर
City इलाहाबाद
300 ## - PHYSICAL DESCRIPTION
Extent 88 पृ.
Dimensions 22सेमी (सजिल्द)
600 ## - SUBJECT ADDED ENTRY--PERSONAL NAME
9 (RLIN) 26453
Personal name लघु कथाएं(हिन्दी)
650 ## - SUBJECT ADDED ENTRY--TOPICAL TERM
9 (RLIN) 1159
Topical term or geographic name as entry element लघु कथाएँ, हिन्दी
650 ## - SUBJECT ADDED ENTRY--TOPICAL TERM
9 (RLIN) 26117
Topical term or geographic name as entry element Hindi Foction
700 ## - ADDED ENTRY--PERSONAL NAME
9 (RLIN) 20179
700 ## - ADDED ENTRY--PERSONAL NAME
9 (RLIN) 20333
700 ## - ADDED ENTRY--PERSONAL NAME
9 (RLIN) 20540
942 ## - ADDED ENTRY ELEMENTS (KOHA)
Source of classification or shelving scheme Dewey Decimal Classification
Item type Hindi Books
Call number suffix मधुक
Classification part
Holdings
Withdrawn status Lost status Source of classification or shelving scheme Damaged status Not for loan Collection code Home library Current library Date acquired Source of acquisition Cost, normal purchase price Total Checkouts Full call number Barcode Date last seen Copy number Cost, replacement price Koha item type
    Dewey Decimal Classification     Fiction Central Library Central Library 23/02/2012 के.के. पब्लिकेशंस/1355/13.10.11/11/15.9.11/11.11.11 125.00   क मधुक B-451862 23/02/2012 2 125.00 Hindi Books
    Dewey Decimal Classification     Fiction Central Library Central Library 23/02/2012 के.के. पब्लिकेशंस/1355/13.10.11/11/15.9.11/11.11.11 125.00   क मधुक B-451863 23/02/2012 2 125.00 Hindi Books
    Dewey Decimal Classification   Not For Loan Fiction D.B.Act.Division D.B.Act.Division 09/03/2011 DBAD 125.00   क मधुक HN-64331 09/03/2011 1 125.00 Hindi Books
    Dewey Decimal Classification     Fiction Janak Puri Janak Puri 23/02/2012 के.के. पब्लिकेशंस/1355/13.10.11/11/15.9.11/11.11.11 125.00 3 क मधुक B-451867 06/06/2018 1 125.00 Hindi Books
    Dewey Decimal Classification     Fiction Karol Bagh Karol Bagh 23/02/2012 के.के. पब्लिकेशंस/1355/13.10.11/11/15.9.11/11.11.11 125.00   क मधुक B-451870 23/02/2012 1 125.00 Hindi Books
    Dewey Decimal Classification     Fiction Kasturba Gandhi Marg Kasturba Gandhi Marg 23/02/2012 के.के. पब्लिकेशंस/1355/13.10.11/11/15.9.11/11.11.11 125.00   क मधुक B-451866 23/02/2012 1 125.00 Hindi Books
    Dewey Decimal Classification     Fiction Mobile Library Mobile Library 23/02/2012 के.के. पब्लिकेशंस/1355/13.10.11/11/15.9.11/11.11.11 125.00   क मधुक B-451864 23/02/2012 1 125.00 Hindi Books
    Dewey Decimal Classification     Fiction Narela Narela 23/02/2012 के.के. पब्लिकेशंस/1355/13.10.11/11/15.9.11/11.11.11 125.00   क मधुक B-451871 23/02/2012 1 125.00 Hindi Books
    Dewey Decimal Classification     Fiction Patel Nagar Patel Nagar 23/02/2012 के.के. पब्लिकेशंस/1355/13.10.11/11/15.9.11/11.11.11 125.00 1 क मधुक B-451865 04/01/2025 1 125.00 Hindi Books
    Dewey Decimal Classification     Fiction Sarojini Nagar Sarojini Nagar 23/02/2012 के.के. पब्लिकेशंस/1355/13.10.11/11/15.9.11/11.11.11 125.00   क मधुक B-451868 23/02/2012 1 125.00 Hindi Books
    Dewey Decimal Classification     Fiction Shahdara Branch Shahdara Branch 23/02/2012 के.के. पब्लिकेशंस/1355/13.10.11/11/15.9.11/11.11.11 125.00 1 क मधुक B-451872 20/03/2020 1 125.00 Hindi Books
    Dewey Decimal Classification     Fiction Vinoba Puri Vinoba Puri 23/02/2012 के.के. पब्लिकेशंस/1355/13.10.11/11/15.9.11/11.11.11 125.00 2 क मधुक B-451869 13/04/2016 1 125.00 Hindi Books

© Delhi Public Library
Hit Counter
free hit counter